| 000 | 00629nam a2200121Ia 4500 | ||
|---|---|---|---|
| 008 | 220615s9999||||xx |||||||||||||| ||und|| | ||
| 100 | _aErgina Kavallieratou (Ed:)||Laurence Likforman-Sulem (Ed.) | ||
| 245 | 0 | _aDocument Image Processing | |
| 546 | _aEnglish[eng] | ||
| 650 | _aindic/arabic/asian scripts||preprocessing||text-line segmentation||document annotation tools||document image processing||performance evaluation||document restoration||handwriting recognition||word spotting||binarization||Video OCR||retrieval||slant removal||document datasets||OCR | ||
| 856 | _uhttp://www.mdpi.com/books/pdfview/book/720 | ||
| 942 | _cEB | ||
| 999 |
_c11282 _d11282 |
||